| 000 | 00880am a2200253a 44500 | ||
|---|---|---|---|
| 003 | AR-BaBNM | ||
| 005 | 20251128204024.0 | ||
| 008 | 137119s1963 #AR|||||||||||000 | spa|| | ||
| 040 | _cAR-BaBNM | ||
| 110 | 2 | _aUniversidad de Salamanca | |
| 245 | 1 | 0 |
_aLeyes constitucionales _n2 |
| 260 |
_aMadrid _bTaurus _c1963 |
||
| 300 | _ap. 595-1087 | ||
| 490 | 0 | _aBiblioteca política Taurus | |
| 500 | _aEste volumen contiene leyes constitucionales de: Turquía, URSS y Yugoslavia; América Argentina, Estados Unidos de América, México y Paraguay, Asia China, Japón, Africa Ghana, Guinea, Marruecos y documentos internacionales Carta de las Naciones Unidas, Dec | ||
| 610 | 2 | 4 | _aONU |
| 650 | 4 | _aDERECHO | |
| 650 | 4 | _aLEGISLACION | |
| 650 | 4 | _aCONSTITUCIONES | |
| 650 | 4 | _aDERECHOS HUMANOS | |
| 700 | 1 |
_aTierno Galván, Enrique _ecompilador |
|
| 942 | _cBK | ||
| 998 | _cAndrea | ||
| 999 |
_c5834 _d5834 |
||